| 000 | 00650cab a2200217 4500 | ||
|---|---|---|---|
| 001 | WB3045-03 | ||
| 008 | 090401t1994 xxu||||| |||| 00| 0 eng d | ||
| 035 | _a(Sirsi) u16199 | ||
| 041 | _aeng | ||
| 245 | _aClaims of rigging | ||
| 260 | _c1994 | ||
| 350 | _a0 | ||
| 490 |
_aFinancial Times _v1 December 1994, 1(1) |
||
| 520 | _aThe EC has imposed record fines on 33 European cement producers, accusing them of using secret agreemnts to rig the market for more than ten years. | ||
| 650 | _aCARTELS | ||
| 650 | _aCEMENT CARTEL | ||
| 650 | _aEUROPEAN CEMENT ASSOCIATION | ||
| 690 | _aBUILT ENVIRONMENT | ||
| 942 | _n0 | ||
| 948 | _c04/03/1997 | ||
| 999 |
_c10644 _d10644 |
||